000 00295nam a2200133 i 4500
001 bg
245 0 _aApparatura dlja kosmičeskich issledovanij.
260 _aMoskva,
_c1972.
040 _cBPK
041 _apol
080 _a629.7
942 _cKS
008 s pl f |000 0 pol
999 _c14739
_d14739
856 _uhttp://koha.tu.koszalin.pl/cgi-bin/koha/opac-detail.pl?biblionumber=14739
_yKatalog online BPK